5HLuxD.jpg

KING HENRY VIII SENIOR AND PRIMARY SCHOOL LIBRARY OPAC

The Christmasaurus (Record no. 3563)

000 -LEADER
fixed length control field 00988nam a22002177a 4500
005 - DATE AND TIME OF LATEST TRANSACTION
control field 20240223111144.0
008 - FIXED-LENGTH DATA ELEMENTS--GENERAL INFORMATION
fixed length control field 240223b ||||| |||| 00| 0 eng d
020 ## - INTERNATIONAL STANDARD BOOK NUMBER
International Standard Book Number 9780141373348
040 ## - CATALOGING SOURCE
Transcribing agency KH8
082 ## - DEWEY DECIMAL CLASSIFICATION NUMBER
Classification number FIC FLE
100 ## - MAIN ENTRY--PERSONAL NAME
Personal name Fletcher, Tom
Relator term author
245 ## - TITLE STATEMENT
Title The Christmasaurus
Statement of responsibility, etc. Tom Fletcher
260 ## - PUBLICATION, DISTRIBUTION, ETC.
Place of publication, distribution, etc. London,
Name of publisher, distributor, etc. Puffin Books,
Date of publication, distribution, etc. 2017
300 ## - PHYSICAL DESCRIPTION
Extent 359 pages :
Other physical details illustrations ;
Dimensions 20 cm
440 ## - SERIES STATEMENT/ADDED ENTRY--TITLE
Title Christmasaurus
Volume/sequential designation bk. 1
520 ## - SUMMARY, ETC.
Summary, etc. "The Christmasaurus" is a story about a boy named William Trundle, and a dinosaur, the Christmasaurus. It's about how they meet one Christmas Eve and have a magical adventure. It's about friendship and families, sleigh bells and Santa, singing elves and flying reindeer, music and magic. It's about discovering your heart's true desire, and learning that the impossible might just be possible<br/>
650 ## - SUBJECT ADDED ENTRY--TOPICAL TERM
Topical term or geographic name entry element Action and adventure fiction
650 ## - SUBJECT ADDED ENTRY--TOPICAL TERM
Topical term or geographic name entry element Children's stories
650 ## - SUBJECT ADDED ENTRY--TOPICAL TERM
Topical term or geographic name entry element Christmas stories
942 ## - ADDED ENTRY ELEMENTS (KOHA)
Source of classification or shelving scheme
Koha item type Books - Fiction
Holdings
Withdrawn status Lost status Source of classification or shelving scheme Damaged status Not for loan Collection code Permanent Location Current Location Shelving location Date acquired Total Checkouts Full call number Barcode Date last seen Date last checked out Price effective from Koha item type
          Fiction KH8 Primary School Library KH8 Primary School Library Fiction 2024-02-23 1 FIC FLE KHPL000004486 2026-01-15 2024-08-30 2024-02-23 Books - Fiction

Powered By KH8 IT Dept